Célébrités et recettes de flammekueche - Statistiques

Statistiques générales
  • Ce quiz a été pris 61 fois
  • Le résultat moyen est 9 sur 12
Statistiques - réponses
Nom Réponses % Correct
Veggie Mercury Freddie Mercury
95%
Fromagic System Brie, emmental, fourme
93%
Fromagic System Magic System
93%
Jean-Louis Auber'gine Aubergines grillées
86%
Framboise Hardy Brisures de framboise
86%
Framboise Hardy Françoise Hardy
86%
Jean-Michel au lard Lardons fumés
86%
Jean-Louis Auber'gine Jean-Louis Aubert
81%
Vegan Fox Megan Fox
81%
Veggie Mercury Légumes
64%
Jean-Michel au lard Jean-Michel Aulas
34%
Vegan Fox Lardons végétaux
31%
Aucun quiz correspondant
Distribution des résultats
% des personnes avec chaque résultat
Percentile par nombre de réponses
Votre historique - résultats
Vous n’avez pas pris ce quiz